| 000 | 01306cam a2200433Ii 4500 | ||
|---|---|---|---|
| 999 |
_c135 _d135 |
||
| 001 | 827082584 | ||
| 003 | OCoLC | ||
| 005 | 20190729080011.0 | ||
| 008 | 130208t20132011nyu j 000 1 eng d | ||
| 020 | _a0316176893 (pbk.) | ||
| 020 | _a9780316176897 (pbk.) | ||
| 035 | _a(OCoLC)827082584 | ||
| 040 |
_aYDXCP _cYDXCP _dBTCTA _dBDX _dLAP _dIMN _dOCLCO _dNYP |
||
| 049 | _aNYPP | ||
| 082 | 0 | 4 | _aFIC PIT |
| 091 | _aFIC | ||
| 100 | 1 |
_aPitcher, Annabel. _eauthor |
|
| 245 | 1 | 0 |
_aMy sister lives on the mantelpiece : _ba novel / _cby Annabel Pitcher. |
| 250 | _aFirst paperback edition. | ||
| 264 | 1 |
_aNew York : _bLittle, Brown and Company, _c2013. |
|
| 264 | 4 | _c℗♭2011. | |
| 300 |
_a211 pages ; _c21 cm. |
||
| 336 |
_atext _2rdacontent. |
||
| 337 |
_aunmediated _2rdamedia. |
||
| 338 |
_avolume _2rdacarrier. |
||
| 500 | _aOriginally published: Great Britain : Orion Publishing Group, 2011. | ||
| 500 | _aIncludes excerpt from author's next book, Ketchup clouds. | ||
| 650 | 1 |
_aGrief _vFiction. |
|
| 650 | 1 |
_aFamily problems _vFiction. |
|
| 650 | 0 |
_aGrief _vFiction. |
|
| 650 | 0 |
_aDysfunctional families _vFiction. |
|
| 651 | 1 |
_aEngland _vFiction. |
|
| 651 | 0 |
_aEngland _vFiction. |
|
| 901 |
_adl _cCATBL |
||
| 901 | _aMARS | ||
| 942 |
_2ddc _cFIC |
||
| 945 | _a.b199940691 | ||
| 946 | _am | ||